阳台养花 (Record no. 10925)

000 -LEADER
fixed length control field 00439nam a22001817a 4500
003 - CONTROL NUMBER IDENTIFIER
control field MPLRDC
005 - DATE AND TIME OF LATEST TRANSACTION
control field 20220104123356.0
008 - FIXED-LENGTH DATA ELEMENTS--GENERAL INFORMATION
fixed length control field 210129b ||||| |||| 00| 0 eng d
020 ## - INTERNATIONAL STANDARD BOOK NUMBER
International Standard Book Number 7-5337-0418-6
082 ## - DEWEY DECIMAL CLASSIFICATION NUMBER
Classification number 435.41 TYF
100 ## - MAIN ENTRY--PERSONAL NAME
Personal name 陶有法等编著
245 ## - TITLE STATEMENT
Title 阳台养花
Statement of responsibility, etc.
250 ## - EDITION STATEMENT
Edition statement 三版五刷
260 ## - PUBLICATION, DISTRIBUTION, ETC.
Place of publication, distribution, etc.
Name of publisher, distributor, etc. 安徽科技术出版社
Date of publication, distribution, etc. 1993
300 ## - PHYSICAL DESCRIPTION
Other physical details
650 ## - SUBJECT ADDED ENTRY--TOPICAL TERM
Topical term or geographic name entry element 观赏园艺
942 ## - ADDED ENTRY ELEMENTS (KOHA)
Koha item type Book
-- 435.41 TYF
Holdings
Withdrawn status Lost status Source of classification or shelving scheme Damaged status Not for loan Collection code Home library Current library Shelving location Date acquired Cost, normal purchase price Total Checkouts Full call number Barcode Date last seen Date last checked out Price effective from Koha item type Public note
            Malaysian Public Library, Research and Development Centre Malaysian Public Library, Research and Development Centre   10/12/2007 16.00   435.41 TYF 00010938 17/03/2021 10/12/2007 17/03/2021 Book mplrdc

© 2022. Malaysian Public Library, Research and Development Centre. All Right ReservedE-mailmplrdc@help.edu.my 

Powered by Koha